Catálogo

TRATADO MODERNO DE AUDITORIA (Registro nro. 3438)

Detalles MARC
000 -LEADER
fixed length control field 00470nam a2200169 a 4500
001 - CONTROL NUMBER
control field 3438
005 - DATE AND TIME OF LATEST TRANSACTION
control field 20180713183353.0
008 - FIXED-LENGTH DATA ELEMENTS--GENERAL INFORMATION
fixed length control field 140415s1983 mx 000 0 spa d
041 ## - LANGUAGE CODE
Language code of text/sound track or separate title spa
082 ## - DEWEY DECIMAL CLASSIFICATION NUMBER
Classification number 657.45
Item number DEF
100 1# - MAIN ENTRY--PERSONAL NAME
Personal name Defliese, Philip L.
245 10 - TITLE STATEMENT
Title TRATADO MODERNO DE AUDITORIA
250 ## - EDITION STATEMENT
Edition statement 1a ed.
260 ## - PUBLICATION, DISTRIBUTION, ETC.
Place of publication, distribution, etc. MEXICO :
Name of publisher, distributor, etc. DEL VALLE DE MEXICO,
Date of publication, distribution, etc. 1983
650 14 - SUBJECT ADDED ENTRY--TOPICAL TERM
Topical term or geographic name entry element AUDITORIA
700 1# - ADDED ENTRY--PERSONAL NAME
Personal name JOHNSON, KENNETH P, MACLEOD, RODERICK K.
Relator term coaut.
Existencias
Withdrawn status Lost status Source of classification or shelving scheme Damaged status Not for loan Collection code Home library Current library Shelving location Date acquired Source of acquisition Inventory number Total Checkouts Full call number Barcode Date last seen Price effective from Koha item type
    Dewey Decimal Classification     General Biblioteca Karol Wojtyla Biblioteca Karol Wojtyla Sala general 03/12/2013 Compra 151000000000000000024632   657.45 DEF 14506 05/01/2026 03/12/2013 Libro
    Dewey Decimal Classification     General Biblioteca Karol Wojtyla Biblioteca Karol Wojtyla Sala general 03/12/2013 Compra 151000000000000000024631   657.45 DEF 14505 05/01/2026 03/12/2013 Libro
    Dewey Decimal Classification     General Biblioteca Karol Wojtyla Biblioteca Karol Wojtyla Sala general 03/12/2013 Compra 151000000000000000024633   657.45 DEF 14507 05/01/2026 03/12/2013 Libro